000 006410000a22001930004500
999 _c54137
_d54137
001 768714001
003 CO-MdFUSB
005 20170812105046.0
008 170812s2000 xxu||||| |||| 00| 0 eng d
022 _a0098-9444
040 _aCO-MdFUSB
_bspa
_cCO-MdFUSB
_dCO-MdFUSB
041 _aspa
100 1 _aMeyers, Eric M.
_eautor
245 1 0 _aThe pools of sepphoris :
_britual baths or bathtubs? Yes, they are
300 _aVolumen 26. Número 4 (2000), Páginas 46-49
_c28 cm.
546 _aTexto en inglés
773 0 _tBiblical Archaeology Review
_049395
_959473
_gVolumen 26. Número 4 (2000), Páginas 46-49
_qPágina 46
942 _cANA